<?xml version="1.0" encoding="UTF-8"?>
<collection xmlns="http://www.loc.gov/MARC21/slim">
 <record>
  <leader>02828nam a22003497a 4500</leader>
  <controlfield tag="001">NCT_65682</controlfield>
  <controlfield tag="008">190810b        xxu||||| |||| 00| 0 vie d</controlfield>
  <datafield tag="999" ind1=" " ind2=" ">
   <subfield code="c">3180</subfield>
   <subfield code="d">3180</subfield>
  </datafield>
  <datafield tag="020" ind1=" " ind2=" ">
   <subfield code="a">9786048225698</subfield>
   <subfield code="c">64000</subfield>
  </datafield>
  <datafield tag="082" ind1="0" ind2="4">
   <subfield code="2">23rd ed.</subfield>
   <subfield code="a">624</subfield>
   <subfield code="b">H309</subfield>
  </datafield>
  <datafield tag="245" ind1="0" ind2="0">
   <subfield code="a">Hướng dẫn thực nghiệm thí nghiệm và kiểm định công trình</subfield>
   <subfield code="c">Nguyễn Trung Hiếu, ...[et al.]</subfield>
  </datafield>
  <datafield tag="250" ind1=" " ind2=" ">
   <subfield code="a">Tái bản</subfield>
  </datafield>
  <datafield tag="260" ind1=" " ind2=" ">
   <subfield code="a">H.</subfield>
   <subfield code="b">Xây dựng</subfield>
   <subfield code="c">2018</subfield>
  </datafield>
  <datafield tag="300" ind1=" " ind2=" ">
   <subfield code="a">117 tr.</subfield>
   <subfield code="b">hình vẽ</subfield>
   <subfield code="c">24cm</subfield>
  </datafield>
  <datafield tag="520" ind1="3" ind2=" ">
   <subfield code="a">Sách cung cấp kiến thức về các bước cơ bản của một thí nghiệm cụ thể.Trong sách, mỗi thí nghiệm được trình bày dựa trên tiêu chuẩn áp dụng hiện hành, lần lượt qua các mục cơ bản: (1) mục đích thí nghiệm, (2) nguyên lý, {3) thiết bị, (4) mẫu thử, (5) quy trình thí nghiệm, (6) kết quả thí nghiệm và (7) phân tích và đánh giá.</subfield>
  </datafield>
  <datafield tag="653" ind1=" " ind2=" ">
   <subfield code="a">Kỹ thuật công trình xây dựng</subfield>
  </datafield>
  <datafield tag="700" ind1="1" ind2=" ">
   <subfield code="a">Nguyễn Trung Hiếu</subfield>
  </datafield>
  <datafield tag="700" ind1="1" ind2=" ">
   <subfield code="a">Nguyễn Hoàng Giang</subfield>
  </datafield>
  <datafield tag="700" ind1="1" ind2=" ">
   <subfield code="a">Nguyễn Ngọc Tân</subfield>
  </datafield>
  <datafield tag="700" ind1="1" ind2=" ">
   <subfield code="a">Lê Phước Lành</subfield>
  </datafield>
  <datafield tag="942" ind1=" " ind2=" ">
   <subfield code="2">ddc</subfield>
   <subfield code="c">BK</subfield>
  </datafield>
  <datafield tag="952" ind1=" " ind2=" ">
   <subfield code="0">0</subfield>
   <subfield code="1">0</subfield>
   <subfield code="2">ddc</subfield>
   <subfield code="4">0</subfield>
   <subfield code="6">624_000000000000000_H309</subfield>
   <subfield code="7">0</subfield>
   <subfield code="9">17158</subfield>
   <subfield code="a">000001</subfield>
   <subfield code="b">000001</subfield>
   <subfield code="d">2019-08-10</subfield>
   <subfield code="o">624 H309</subfield>
   <subfield code="p">MD.15986</subfield>
   <subfield code="r">2019-08-10</subfield>
   <subfield code="v">64000.00</subfield>
   <subfield code="w">2019-08-10</subfield>
   <subfield code="y">BK</subfield>
  </datafield>
  <datafield tag="952" ind1=" " ind2=" ">
   <subfield code="0">0</subfield>
   <subfield code="1">0</subfield>
   <subfield code="2">ddc</subfield>
   <subfield code="4">0</subfield>
   <subfield code="6">624_000000000000000_H309</subfield>
   <subfield code="7">0</subfield>
   <subfield code="9">17159</subfield>
   <subfield code="a">000001</subfield>
   <subfield code="b">000001</subfield>
   <subfield code="d">2019-08-10</subfield>
   <subfield code="o">624 H309</subfield>
   <subfield code="p">MD.15987</subfield>
   <subfield code="r">2019-08-10</subfield>
   <subfield code="v">64000.00</subfield>
   <subfield code="w">2019-08-10</subfield>
   <subfield code="y">BK</subfield>
  </datafield>
  <datafield tag="952" ind1=" " ind2=" ">
   <subfield code="0">0</subfield>
   <subfield code="1">0</subfield>
   <subfield code="2">ddc</subfield>
   <subfield code="4">0</subfield>
   <subfield code="6">624_000000000000000_H309</subfield>
   <subfield code="7">0</subfield>
   <subfield code="9">17160</subfield>
   <subfield code="a">000001</subfield>
   <subfield code="b">000001</subfield>
   <subfield code="d">2019-08-10</subfield>
   <subfield code="l">1</subfield>
   <subfield code="m">1</subfield>
   <subfield code="o">624 H309</subfield>
   <subfield code="p">MD.15988</subfield>
   <subfield code="r">2021-01-05</subfield>
   <subfield code="s">2020-12-21</subfield>
   <subfield code="v">64000.00</subfield>
   <subfield code="w">2019-08-10</subfield>
   <subfield code="y">BK</subfield>
  </datafield>
  <datafield tag="952" ind1=" " ind2=" ">
   <subfield code="0">0</subfield>
   <subfield code="1">0</subfield>
   <subfield code="2">ddc</subfield>
   <subfield code="4">0</subfield>
   <subfield code="6">624_000000000000000_H309</subfield>
   <subfield code="7">0</subfield>
   <subfield code="9">17161</subfield>
   <subfield code="a">000001</subfield>
   <subfield code="b">000001</subfield>
   <subfield code="d">2019-08-10</subfield>
   <subfield code="o">624 H309</subfield>
   <subfield code="p">MD.15989</subfield>
   <subfield code="r">2019-08-10</subfield>
   <subfield code="v">64000.00</subfield>
   <subfield code="w">2019-08-10</subfield>
   <subfield code="y">BK</subfield>
  </datafield>
  <datafield tag="952" ind1=" " ind2=" ">
   <subfield code="0">0</subfield>
   <subfield code="1">0</subfield>
   <subfield code="2">ddc</subfield>
   <subfield code="4">0</subfield>
   <subfield code="6">624_000000000000000_H309</subfield>
   <subfield code="7">0</subfield>
   <subfield code="9">17162</subfield>
   <subfield code="a">000001</subfield>
   <subfield code="b">000001</subfield>
   <subfield code="d">2019-08-10</subfield>
   <subfield code="o">624 H309</subfield>
   <subfield code="p">MD.15990</subfield>
   <subfield code="r">2019-08-10</subfield>
   <subfield code="v">64000.00</subfield>
   <subfield code="w">2019-08-10</subfield>
   <subfield code="y">BK</subfield>
  </datafield>
  <datafield tag="952" ind1=" " ind2=" ">
   <subfield code="0">0</subfield>
   <subfield code="1">0</subfield>
   <subfield code="2">ddc</subfield>
   <subfield code="4">0</subfield>
   <subfield code="6">624_000000000000000_H309</subfield>
   <subfield code="7">0</subfield>
   <subfield code="9">17163</subfield>
   <subfield code="a">000001</subfield>
   <subfield code="b">000001</subfield>
   <subfield code="d">2019-08-10</subfield>
   <subfield code="o">624 H309</subfield>
   <subfield code="p">MD.15991</subfield>
   <subfield code="r">2019-08-10</subfield>
   <subfield code="v">64000.00</subfield>
   <subfield code="w">2019-08-10</subfield>
   <subfield code="y">BK</subfield>
  </datafield>
  <datafield tag="952" ind1=" " ind2=" ">
   <subfield code="0">0</subfield>
   <subfield code="1">0</subfield>
   <subfield code="2">ddc</subfield>
   <subfield code="4">0</subfield>
   <subfield code="6">624_000000000000000_H309</subfield>
   <subfield code="7">0</subfield>
   <subfield code="9">17164</subfield>
   <subfield code="a">000001</subfield>
   <subfield code="b">000001</subfield>
   <subfield code="d">2019-08-10</subfield>
   <subfield code="o">624 H309</subfield>
   <subfield code="p">MD.15992</subfield>
   <subfield code="r">2019-08-10</subfield>
   <subfield code="v">64000.00</subfield>
   <subfield code="w">2019-08-10</subfield>
   <subfield code="y">BK</subfield>
  </datafield>
  <datafield tag="952" ind1=" " ind2=" ">
   <subfield code="0">0</subfield>
   <subfield code="1">0</subfield>
   <subfield code="2">ddc</subfield>
   <subfield code="4">0</subfield>
   <subfield code="6">624_000000000000000_H309</subfield>
   <subfield code="7">0</subfield>
   <subfield code="9">17165</subfield>
   <subfield code="a">000001</subfield>
   <subfield code="b">000001</subfield>
   <subfield code="d">2019-08-10</subfield>
   <subfield code="o">624 H309</subfield>
   <subfield code="p">MD.15993</subfield>
   <subfield code="r">2019-08-10</subfield>
   <subfield code="v">64000.00</subfield>
   <subfield code="w">2019-08-10</subfield>
   <subfield code="y">BK</subfield>
  </datafield>
  <datafield tag="952" ind1=" " ind2=" ">
   <subfield code="0">0</subfield>
   <subfield code="1">0</subfield>
   <subfield code="2">ddc</subfield>
   <subfield code="4">0</subfield>
   <subfield code="6">624_000000000000000_H309</subfield>
   <subfield code="7">0</subfield>
   <subfield code="9">17166</subfield>
   <subfield code="a">000001</subfield>
   <subfield code="b">000001</subfield>
   <subfield code="d">2019-08-10</subfield>
   <subfield code="o">624 H309</subfield>
   <subfield code="p">MD.15994</subfield>
   <subfield code="r">2019-08-10</subfield>
   <subfield code="v">64000.00</subfield>
   <subfield code="w">2019-08-10</subfield>
   <subfield code="y">BK</subfield>
  </datafield>
  <datafield tag="952" ind1=" " ind2=" ">
   <subfield code="0">0</subfield>
   <subfield code="1">0</subfield>
   <subfield code="2">ddc</subfield>
   <subfield code="4">0</subfield>
   <subfield code="6">624_000000000000000_H309</subfield>
   <subfield code="7">0</subfield>
   <subfield code="9">17167</subfield>
   <subfield code="a">000001</subfield>
   <subfield code="b">000001</subfield>
   <subfield code="d">2019-08-10</subfield>
   <subfield code="o">624 H309</subfield>
   <subfield code="p">MD.15985</subfield>
   <subfield code="r">2019-08-10</subfield>
   <subfield code="v">64000.00</subfield>
   <subfield code="w">2019-08-10</subfield>
   <subfield code="y">BK</subfield>
  </datafield>
  <datafield tag="980" ind1=" " ind2=" ">
   <subfield code="a">Thư viện Trường Đại học Nam Cần Thơ</subfield>
  </datafield>
 </record>
</collection>
